000 00639nam a2200205 i 4500
001 bg
245 0 0 _aStudia nad reformowaną gospodarką :
_baspekty instytucjonalne /
_cred. nauk. Marek Okólski, Urszula Sztanderska.
260 _aWarszawa :
_bWydaw. Naukowe PWN,
_c1996.
300 _a468, [2] s. :
_bwykr. ;
_c21 cm.
651 9 _aPolska
_xgospodarka
_yod 1989 r.
700 1 _aOKÓLSKI, Marek.
_eRed.
700 1 _aSZTANDERSKA, Urszula.
_eRed.
020 _a8301119721
040 _cBPK
041 0 _apol
080 _a338.22(438)"1989/..."
920 _a83-01-11972-1
942 _cKS
008 s pl f |000 0 pol
999 _c30976
_d30976
856 _uhttp://koha.tu.koszalin.pl/cgi-bin/koha/opac-detail.pl?biblionumber=30976
_yKatalog online BPK